00549 2200181 4500001002100000005001500021035002000036245006600056100003900122300001700161700003900178260004100217082001000258084001600268020001800284600003900302990002600341INLIS00000000000038220251030095427 a0010-10250002001 aMENGOBATI LEMAHNYA IMAN /cSyaikh Muhannad Shalih Al-Munajjid0 aSyaikh Muhannad Shalih Al-Munajjid a168 ;c18 cm0 aSyaikh Muhannad Shalih Al-Munajjid aSurakarta :bShafa Publishing,c2017 a2x5.1 a2x5.1 SYA m a979-10841-3-3 4aSyaikh Muhannad Shalih Al-Munajjid a2017/SMKMIRI/1428/001